| 000 | 00622nam a2200205 4500 | ||
|---|---|---|---|
| 001 | 123546 | ||
| 003 | ES-MaACL | ||
| 007 | t| | ||
| 008 | 070214s1954 sp r ||||1| spa d | ||
| 100 | 1 |
_aRahn, Rudolf. _995010 |
|
| 245 | 1 | 0 |
_aYo, Embajador de Alemania / _cRudolf Rahn ; versión española de Arturo Rajul Martínez. |
| 250 | _a1ª ed. | ||
| 260 |
_aBarcelona : _bLuis de Caralt, _c1954. |
||
| 300 |
_a340 p. ; _c20 cm. |
||
| 490 | 1 | _aLa vida vivida | |
| 700 | 1 |
_aRajul Martínez, Arturo. _995046 |
|
| 830 | 0 | 3 |
_aLa vida vivida _9180877 |
| 852 |
_aES-MaACL _jC-8787 _bR.36573 |
||
| 999 |
_c123546 _d123546 |
||